Лампрофиры и их радиогеохимические особенности; Проблемы геологии и освоения недр; Т. 2

Podrobná bibliografie
Parent link:Проблемы геологии и освоения недр: труды XXII Международного симпозиума имени академика М. А. Усова студентов и молодых ученых, посвященного 155-летию со дня рождения академика В.А. Обручева, 135-летию со дня рождения академика М.А. Усова, основателей Сибирской горно-геологической школы, и 110-летию первого выпуска горных инженеров в Сибири, Томск, 2-7 апреля 2018 г./ Национальный исследовательский Томский политехнический университет, Инженерная школа природных ресурсов ; под ред. А. С. Боева.— , 2018
Т. 2.— 2018.— [С. 49-50]
Hlavní autor: Кенесбаев Б. Бахтияр
Korporativní autor: Национальный исследовательский Томский политехнический университет Инженерная школа природных ресурсов Отделение геологии
Další autoři: Рихванов Л. П. Леонид Петрович (научный руководитель)
Shrnutí:Заглавие с экрана
Jazyk:ruština
Vydáno: 2018
Edice:Геология и разведка руд редких и радиоактивных элементов, стратегических металлов
Témata:
On-line přístup:http://earchive.tpu.ru/handle/11683/51368
Médium: Elektronický zdroj Kapitola
KOHA link:https://koha.lib.tpu.ru/cgi-bin/koha/opac-detail.pl?biblionumber=627893

MARC

LEADER 00000naa2a2200000 4500
001 627893
005 20231101133502.0
035 |a (RuTPU)RU\TPU\conf\27933 
035 |a RU\TPU\conf\27932 
090 |a 627893 
100 |a 20181002d2018 k y0rusy50 ca 
101 0 |a rus 
102 |a RU 
105 |a y z 100zy 
135 |a drgn ---uucaa 
181 0 |a i  
182 0 |a b 
200 1 |a Лампрофиры и их радиогеохимические особенности  |f Б. Кенесбаев  |g науч. рук. Л. П. Рихванов 
203 |a Текст  |c электронный 
225 1 |a Геология и разведка руд редких и радиоактивных элементов, стратегических металлов 
230 |a 1 компьютерный файл (pdf; 610 Kb) 
300 |a Заглавие с экрана 
320 |a [Библиогр.: с. 50 (4 назв.)] 
461 1 |0 (RuTPU)RU\TPU\conf\27247  |t Проблемы геологии и освоения недр  |o труды XXII Международного симпозиума имени академика М. А. Усова студентов и молодых ученых, посвященного 155-летию со дня рождения академика В.А. Обручева, 135-летию со дня рождения академика М.А. Усова, основателей Сибирской горно-геологической школы, и 110-летию первого выпуска горных инженеров в Сибири, Томск, 2-7 апреля 2018 г.  |o в 2 т.  |f Национальный исследовательский Томский политехнический университет, Инженерная школа природных ресурсов ; под ред. А. С. Боева  |d 2018 
463 1 |0 (RuTPU)RU\TPU\conf\27249  |t Т. 2  |v [С. 49-50]  |d 2018 
610 1 |a труды учёных ТПУ 
610 1 |a электронный ресурс 
610 1 |a лампрофиры 
610 1 |a радиогеохимические особенности 
610 1 |a горные породы 
610 1 |a рудные минералы 
610 1 |a минеральный состав 
610 1 |a уран 
610 1 |a торий 
610 1 |a радиоактивные элементы 
610 1 |a сорбенты 
700 1 |a Кенесбаев  |b Б.  |c геолог  |c ассистент кафедры Томского политехнического университета  |f 1993-  |g Бахтияр  |2 stltpush  |3 (RuTPU)RU\TPU\pers\46991 
702 1 |a Рихванов  |b Л. П.  |c геолог  |c профессор Томского политехнического университета, доктор геолого-минералогических наук  |c заслуженный геолог РФ  |c почетный работник высшего образования РФ  |f 1945-  |g Леонид Петрович  |2 stltpush  |4 727 
712 0 2 |a Национальный исследовательский Томский политехнический университет  |b Инженерная школа природных ресурсов  |b Отделение геологии  |h 8083  |2 stltpush  |3 (RuTPU)RU\TPU\col\23542 
801 2 |a RU  |b 63413507  |c 20211021  |g RCR 
856 4 |u http://earchive.tpu.ru/handle/11683/51368 
942 |c BK